| 000 | 00513nam a2200181 a 4500 | ||
|---|---|---|---|
| 001 | 4578 | ||
| 003 | CDMR | ||
| 005 | 20130923175537.0 | ||
| 008 | 130130s2007||||||||||||||||||||||||||||d | ||
| 020 | _a9788498500646 | ||
| 040 |
_aCDMR _bcat _cCDMR |
||
| 245 | 0 | 0 |
_aFotoperiodisme a Catalunya _b: 1976-2000 |
| 260 |
_aBarcelona _c2007 _bAjuntament de Barcelona |
||
| 500 | _aCatàleg d'exposició | ||
| 650 | 0 | 4 |
_93679 _aFotoperiodisme _xExposicions |
| 650 | 0 | 4 |
_93144 _aFotografia _xHistòria _zCatalunya |
| 942 |
_cMON _2ddc |
||
| 999 |
_c4578 _d4578 |
||